| 000 | 01577nam a2200421Ii 4500 | ||
|---|---|---|---|
| 001 | DIGPOPL0054 | ||
| 003 | NyNyDIG | ||
| 006 | m o d | ||
| 007 | cr ||||||||||| | ||
| 008 | 240920s2010 sp ob 000 0 spa d | ||
| 035 | _a(OCoLC)1456948287 | ||
| 040 |
_aDGITA _beng _erda _epn _cDGITA |
||
| 020 | _z9788478844869 | ||
| 050 | 1 | 4 | _aHB97.5 ebook |
| 245 | 0 | 0 |
_aOtra teoría económica es posible : _bensayos críticos de economía política / _cJuan Pablo Mateo y Ricardo Molero, coordinadores. |
| 246 | 3 | 0 | _aEnsayos críticos de economía política |
| 264 | 1 |
_aMadrid : _bEditorial Popular, _c[2010] |
|
| 300 | _a1 online resource. | ||
| 336 |
_atext _btxt _2rdacontent |
||
| 337 |
_acomputer _bc _2rdamedia |
||
| 338 |
_aonline resource _bcr _2rdacarrier |
||
| 347 |
_atext file _2rdaft |
||
| 347 | _bPDF | ||
| 490 | 1 | _aSociologías | |
| 504 | _aIncludes bibliographical references. | ||
| 588 | 0 | _aOnline resource; title from PDF title page (Digitalia, viewed September 20, 2024) | |
| 650 | 0 | _aMarxian economics. | |
| 650 | 0 | _aEconomics. | |
| 700 | 1 |
_aMateo, Juan Pablo, _eeditor. |
|
| 700 | 1 |
_aMolero, Ricardo, _eeditor. |
|
| 791 | 2 |
_aDigitalia (Firm), _edistributor. |
|
| 793 | 0 |
_gDigitalia eBook Collection: _aEditorial Popular |
|
| 776 | 0 | 8 |
_iPrint version: _tOtra teoría económica es posible. _dMadrid : Editorial Popular, [2010] _z9788478844869 |
| 830 | 0 |
_aSociologías (Editorial Popular) ; _v14. |
|
| 856 | 4 | 0 |
_3Digitalia Hispánica _uhttps://www.digitaliapublishing.com/a/155451/ |
| 910 | _aPremium collection: 2024 | ||
| 942 | _cRAA | ||
| 999 |
_c285891 _d285891 |
||